[Event "24. Torneo San Viator"]
[Site "Madrid ESP"]
[Date "2015.03.29"]
[Round "2.10"]
[White "Rodriguez Alonso, Marcos"]
[Black "Uceda Martinez, Jacinto"]
[Result "1/2-1/2"]
[WhiteElo "1738"]
[BlackElo "1800"]
[PlyCount "210"]
[EventDate "2015.03.22"]
[EventType "swiss"]
[EventRounds "9"]
[EventCountry "ESP"]
[Source "lmi"]
[SourceDate "2015.03.22"]

1. e4 c5 2. Nf3 a6 3. d4 cxd4 4. Nxd4 Nf6 5. Nc3 e5 6. Nb3 Bb4 7. Bd3 Qc7 8.
Bd2 d6 9. O-O O-O 10. a3 Bxc3 11. Bxc3 Nbd7 12. Qe2 b5 13. Rac1 Bb7 14. Rfe1
Nc5 15. Nxc5 dxc5 16. Qe3 c4 17. Be2 Nxe4 18. Bb4 Rfe8 19. Bf3 Nf6 20. Bxb7
Qxb7 21. Rcd1 e4 22. Qg5 Re6 23. Bc3 Rae8 24. Re3 Qc6 25. Rg3 g6 26. Qh6 Qc5
27. Rh3 Qf8 28. Qg5 Rd8 29. Re1 Rd5 30. Qg3 Qd6 31. Qxd6 Rdxd6 32. Bxf6 Rxf6
33. Rhe3 Rd2 34. R3e2 Rxe2 35. Rxe2 Rd6 36. g3 f5 37. Kg2 Kf7 38. f3 exf3+ 39.
Kxf3 Kf6 40. h3 g5 41. h4 h6 42. hxg5+ hxg5 43. Rh2 Kg6 44. Re2 g4+ 45. Kf4
Rd4+ 46. Ke5 Rd8 47. Kf4 Kf6 48. Rh2 Rd4+ 49. Ke3 Re4+ 50. Kf2 Re6 51. Rh1 Kg5
52. Rh8 Kf6 53. Rh1 Ke5 54. Re1+ Kd5 55. Rd1+ Kc5 56. Rd2 a5 57. c3 Re5 58. Rc2
b4 59. axb4+ axb4 60. Rd2 bxc3 61. bxc3 Rd5 62. Ra2 Kb5 63. Rb2+ Kc5 64. Ra2
Kd6 65. Ra4 Rc5 66. Ke3 Ke5 67. Rb4 Kd5 68. Kf4 Kd6 69. Ra4 Kc7 70. Rb4 Kc6 71.
Ke3 Kd6 72. Kf4 Ke6 73. Ra4 Rc6 74. Rb4 Rc5 75. Ra4 Kf6 76. Ra6+ Kg7 77. Ra4
Kh6 78. Rb4 Kh5 79. Ra4 Kg6 80. Rb4 Kf6 81. Rb6+ Ke7 82. Rb4 Ke6 83. Ra4 Kd6
84. Rb4 Kc6 85. Ke3 Kd5 86. Kf4 Ke6 87. Rb6+ Kd7 88. Rb4 Kc6 89. Ke3 Rb5 90.
Rxc4+ Kd5 91. Rd4+ Ke5 92. Rb4 Rc5 93. c4 Ke6 94. Rb6+ Ke7 95. Kd4 Rc7 96. c5
Kf7 97. c6 Ke6 98. Kc5 f4 99. gxf4 g3 100. Rb2 Kf5 101. Kb6 Rc8 102. Kb7 Rg8
103. c7 Kxf4 104. c8=Q Rxc8 105. Kxc8 Kf3 1/2-1/2

[Event "24. Torneo San Viator"]
[Site "Madrid ESP"]
[Date "2015.03.29"]
[Round "2.11"]
[White "Gueler Berdasco, Martin"]
[Black "Ramirez De La Piscina G, Juan"]
[Result "1-0"]
[WhiteElo "1917"]
[BlackElo "1685"]
[PlyCount "59"]
[EventDate "2015.03.22"]
[EventType "swiss"]
[EventRounds "9"]
[EventCountry "ESP"]
[Source "lmi"]
[SourceDate "2015.03.22"]

1. b4 d5 2. Bb2 Bf5 3. Nf3 e6 4. e3 Nf6 5. a3 Bd6 6. c4 dxc4 7. Bxc4 Nbd7 8.
O-O c6 9. Nc3 Qc7 10. d4 a6 11. h3 h6 12. Nd2 Nb6 13. Be2 Nbd5 14. Rc1 Nxc3 15.
Bxc3 O-O 16. a4 b5 17. Nb3 bxa4 18. Nc5 Bxc5 19. dxc5 Rfd8 20. Qxa4 Bd3 21.
Bxd3 Rxd3 22. Bxf6 gxf6 23. Rfd1 Qd7 24. Rxd3 Qxd3 25. Qxc6 Rb8 26. Qd6 Qxd6
27. cxd6 Kf8 28. Rc6 Rxb4 29. Rc8+ Kg7 30. d7 1-0

[Event "24. Torneo San Viator"]
[Site "Madrid ESP"]
[Date "2015.03.29"]
[Round "2.12"]
[White "Serrano Gonzalez, Oscar"]
[Black "Rodriguez Orgaz, Cesar"]
[Result "1/2-1/2"]
[WhiteElo "1725"]
[BlackElo "1868"]
[PlyCount "57"]
[EventDate "2015.03.22"]
[EventType "swiss"]
[EventRounds "9"]
[EventCountry "ESP"]
[Source "lmi"]
[SourceDate "2015.03.22"]

1. e4 e5 2. Nc3 Nc6 3. Bc4 Nf6 4. Nge2 Na5 5. d3 Nxc4 6. dxc4 d6 7. Bg5 Be7 8.
Bxf6 Bxf6 9. Qd3 Be6 10. f4 exf4 11. Nxf4 Bxc3+ 12. Qxc3 Qg5 13. g3 h5 14. Nd5
O-O-O 15. Qe3 Qxe3+ 16. Nxe3 Rde8 17. Kd2 c6 18. b4 Kc7 19. a4 Re7 20. Rhe1
Rhe8 21. Nf5 Bxf5 22. exf5 Kd7 23. Rxe7+ Rxe7 24. f6 gxf6 25. Rf1 Ke6 26. Re1+
Kd7 27. Rf1 Ke6 28. Re1+ Kd7 29. Rf1 1/2-1/2

[Event "24. Torneo San Viator"]
[Site "Madrid ESP"]
[Date "2015.03.29"]
[Round "2.13"]
[White "Fernandez Sanchez, Lorenzo"]
[Black "Blanco Diez, David"]
[Result "1-0"]
[WhiteElo "1833"]
[BlackElo "1645"]
[PlyCount "105"]
[EventDate "2015.03.22"]
[EventType "swiss"]
[EventRounds "9"]
[EventCountry "ESP"]
[Source "lmi"]
[SourceDate "2015.03.22"]

1. d4 d5 2. Bf4 Nf6 3. e3 c5 4. c3 e6 5. Nf3 Nc6 6. Nbd2 b6 7. Ne5 Nxe5 8. Bxe5
Bd6 9. Bb5+ Bd7 10. Bxd7+ Qxd7 11. Bxf6 gxf6 12. a4 cxd4 13. exd4 e5 14. dxe5
fxe5 15. O-O O-O 16. Nf3 Bc7 17. Re1 f6 18. Nh4 Rad8 19. Qh5 Qf7 20. Qf5 Qd7
21. Rad1 Qxf5 22. Nxf5 Kf7 23. g3 Rfe8 24. Rd2 Kg6 25. Nh4+ Kf7 26. Red1 Ke6
27. Ng2 Rd7 28. Ne3 Red8 29. Nc2 a6 30. Nb4 a5 31. Nc2 h5 32. Na3 Bb8 33. Kg2
d4 34. cxd4 Rxd4 35. Rxd4 Rxd4 36. Rxd4 exd4 37. f4 Kd5 38. Kf3 Bd6 39. Nb5 Bc5
40. h3 f5 41. b3 Bb4 42. Nc7+ Kc6 43. Ne6 d3 44. Nd4+ Kd5 45. Nxf5 d2 46. Ke2
Ke4 47. Ng7 h4 48. g4 Kxf4 49. Nf5 Kg5 50. Ne3 Bc5 51. Kxd2 Kf4 52. Nf5 Kf3 53.
g5 1-0

[Event "24. Torneo San Viator"]
[Site "Madrid ESP"]
[Date "2015.03.29"]
[Round "2.14"]
[White "Perez Bruni, Alfredo"]
[Black "Martin Espeja, Jorge J"]
[Result "1/2-1/2"]
[WhiteElo "1705"]
[BlackElo "1830"]
[PlyCount "40"]
[EventDate "2015.03.22"]
[EventType "swiss"]
[EventRounds "9"]
[EventCountry "ESP"]
[Source "lmi"]
[SourceDate "2015.03.22"]

1. e4 c5 2. Nf3 Nc6 3. c3 d5 4. exd5 Qxd5 5. d4 Bg4 6. Be2 e6 7. c4 Qf5 8. Qa4
Nge7 9. dxc5 Qxc5 10. Nc3 Qb4 11. O-O Qxa4 12. Nxa4 g6 13. Bd2 Bg7 14. Bc3 O-O
15. Rad1 Rfd8 16. Rxd8+ Rxd8 17. Rd1 Rxd1+ 18. Bxd1 Bxc3 19. Nxc3 Nb4 20. h3
Bf5 1/2-1/2

[Event "24. Torneo San Viator"]
[Site "Madrid ESP"]
[Date "2015.03.29"]
[Round "2.16"]
[White "Benitez Cadenas, Luis Miguel"]
[Black "Cujba, Anca-Claudia"]
[Result "1-0"]
[WhiteElo "1678"]
[BlackElo "1787"]
[PlyCount "93"]
[EventDate "2015.03.22"]
[EventType "swiss"]
[EventRounds "9"]
[EventCountry "ESP"]
[Source "lmi"]
[SourceDate "2015.03.22"]

1. d4 Nf6 2. c4 e5 3. dxe5 Ne4 4. a3 Bc5 5. e3 c6 6. b4 Bb6 7. c5 Bc7 8. Qd4
Ng5 9. Nd2 Qe7 10. Nc4 O-O 11. Bb2 Ne6 12. Qe4 b6 13. cxb6 axb6 14. Rd1 Ba6 15.
Nf3 Bb5 16. Bd3 g6 17. O-O Na6 18. Nd6 Ba4 19. Bc2 Bxc2 20. Qxc2 b5 21. Ne4
Rfd8 22. Nf6+ Kg7 23. Qe4 c5 24. Qh4 h6 25. bxc5 Naxc5 26. Nh5+ Kf8 27. Nf6 Kg7
28. Nd4 Ra4 29. Nxe6+ Qxe6 30. Qg3 Qb3 31. Rb1 Nd3 32. Bd4 Qxa3 33. Rxb5 Qe7
34. Nd5 Bxe5 35. Nxe7 Rxd4 36. Rxe5 Rb4 37. Nf5+ Kf8 38. Rd5 gxf5 39. Rxd3 Rg4
40. Qd6+ Kg7 41. Qe5+ Kh7 42. Qxf5+ Rg6 43. Qxf7+ Rg7 44. Qf5+ Kh8 45. Rd6 Rdg8
46. Rxh6+ Rh7 47. Qxh7# 1-0

[Event "24. Torneo San Viator"]
[Site "Madrid ESP"]
[Date "2015.03.29"]
[Round "2.17"]
[White "Barahona Torrijos, Angel"]
[Black "Sierra Bermejo, Gregorio"]
[Result "1-0"]
[WhiteElo "1782"]
[BlackElo "1605"]
[PlyCount "61"]
[EventDate "2015.03.22"]
[EventType "swiss"]
[EventRounds "9"]
[EventCountry "ESP"]
[Source "lmi"]
[SourceDate "2015.03.22"]

1. e4 c5 2. a3 e6 3. b4 cxb4 4. axb4 Bxb4 5. Bb2 Nf6 6. e5 Nd5 7. c4 Ne7 8. Na3
a6 9. Nc2 Ba5 10. Ba3 Nbc6 11. Nf3 Ng6 12. Be2 Ncxe5 13. Nxe5 Nxe5 14. O-O Bc7
15. d4 Ng6 16. d5 Be5 17. Nd4 Qh4 18. Nf3 Qf6 19. Nxe5 Qxe5 20. Bf3 Nh4 21. Re1
Nxf3+ 22. Qxf3 Qf6 23. Qe4 a5 24. Rab1 Ra6 25. dxe6 Rxe6 26. Qd5 b6 27. Qa8 Kd8
28. c5 Rxe1+ 29. Rxe1 Qc3 30. Qe4 Qxa3 31. Qe7+ 1-0

[Event "24. Torneo San Viator"]
[Site "Madrid ESP"]
[Date "2015.03.29"]
[Round "2.18"]
[White "Garces Adan, Jose A"]
[Black "Mosteiro Montoro, Alvaro"]
[Result "1-0"]
[WhiteElo "1776"]
[BlackElo "1591"]
[PlyCount "63"]
[EventDate "2015.03.22"]
[EventType "swiss"]
[EventRounds "9"]
[EventCountry "ESP"]
[Source "lmi"]
[SourceDate "2015.03.22"]

1. e4 c5 2. Nf3 Nc6 3. c3 d6 4. d4 cxd4 5. cxd4 a6 6. d5 Nb8 7. Nc3 g6 8. Bc4
Bg4 9. h3 Bxf3 10. Qxf3 Nd7 11. O-O Ne5 12. Qe2 Rc8 13. Bb3 Bg7 14. Bg5 h6 15.
Bh4 g5 16. Bg3 Ng6 17. f4 Bd4+ 18. Kh1 Bxc3 19. bxc3 Rxc3 20. fxg5 Rxg3 21. Qf2
Rxh3+ 22. gxh3 Ne5 23. Rac1 hxg5 24. Qf5 e6 25. dxe6 f6 26. Rc3 Ke7 27. Rfc1
Nc6 28. e5 dxe5 29. Rd1 Nd4 30. Qe4 Qb6 31. Qd5 Qd6 32. Qxb7+ 1-0

[Event "24. Torneo San Viator"]
[Site "Madrid ESP"]
[Date "2015.03.29"]
[Round "2.19"]
[White "Castro Uceda, Jose Antonio"]
[Black "Del Noval Nemeshazi, Nesztor"]
[Result "0-1"]
[WhiteElo "1604"]
[BlackElo "1770"]
[PlyCount "92"]
[EventDate "2015.03.22"]
[EventType "swiss"]
[EventRounds "9"]
[EventCountry "ESP"]
[Source "lmi"]
[SourceDate "2015.03.22"]

1. d4 Nf6 2. c4 g6 3. Nc3 d5 4. cxd5 Nxd5 5. Nxd5 Qxd5 6. h3 Bg7 7. Nf3 O-O 8.
Bf4 c5 9. e3 cxd4 10. Bxb8 Rxb8 11. Nxd4 Rd8 12. Nb5 Qxd1+ 13. Rxd1 Rxd1+ 14.
Kxd1 a6 15. Nc3 Be6 16. a3 Rc8 17. Kd2 Bxc3+ 18. bxc3 Bc4 19. Bxc4 Rxc4 20. Rb1
b5 21. Kd3 Ra4 22. Rb3 Kg7 23. Kc2 Kf6 24. Kb2 Ke5 25. Rb4 Rxb4+ 26. cxb4 Ke4
27. Kc3 e5 28. Kd2 f5 29. f3+ Kd5 30. Kc3 g5 31. g4 e4 32. f4 fxg4 33. hxg4 h6
34. f5 Ke5 35. f6 Kxf6 36. Kd4 h5 37. gxh5 Kf5 38. h6 Kg6 39. h7 Kxh7 40. Kxe4
Kg6 41. Ke5 g4 42. Kf4 Kh5 43. e4 Kh4 44. e5 g3 45. Kf3 Kh3 46. e6 Kh2 0-1

[Event "24. Torneo San Viator"]
[Site "Madrid ESP"]
[Date "2015.03.29"]
[Round "2.20"]
[White "Sirera Ripoll, Jose"]
[Black "Cortijo Manso, Luis"]
[Result "1-0"]
[WhiteElo "1765"]
[BlackElo "1523"]
[PlyCount "45"]
[EventDate "2015.03.22"]
[EventType "swiss"]
[EventRounds "9"]
[EventCountry "ESP"]
[Source "lmi"]
[SourceDate "2015.03.22"]

1. e4 e6 2. d4 d5 3. exd5 exd5 4. c4 dxc4 5. Bxc4 Qe7+ 6. Ne2 Nf6 7. O-O Nbd7
8. Re1 Qb4 9. Nf4+ Be7 10. b3 O-O 11. Ba3 Qa5 12. Rxe7 c5 13. dxc5 Nxc5 14. b4
Qa4 15. Qxa4 Nxa4 16. Bb3 Nb6 17. Nc3 Nbd7 18. Rae1 a6 19. g4 Nxg4 20. Rxf7
Nde5 21. Rf5+ Nf7 22. Rxf7 b5 23. Rf6+ 1-0

[Event "24. Torneo San Viator"]
[Site "Madrid ESP"]
[Date "2015.03.29"]
[Round "2.21"]
[White "Mateos Cordero, Francisco"]
[Black "Martin Lozano, Miguel Angel"]
[Result "0-1"]
[WhiteElo "1596"]
[BlackElo "1758"]
[PlyCount "40"]
[EventDate "2015.03.22"]
[EventType "swiss"]
[EventRounds "9"]
[EventCountry "ESP"]
[Source "lmi"]
[SourceDate "2015.03.22"]

1. d4 e6 2. Nf3 f5 3. c4 Nf6 4. Nc3 Bb4 5. Qc2 O-O 6. Bg5 h6 7. Bd2 d6 8. e3 b6
9. Be2 Bb7 10. Qb3 Bxc3 11. Bxc3 Nbd7 12. a4 Rb8 13. Qa2 c5 14. O-O Ne4 15. a5
Ng5 16. Ne1 Nh3+ 17. Kh1 Qh4 18. Bf3 Nxf2+ 19. Rxf2 Qxf2 20. Bxb7 Qf1# 0-1

[Event "24. Torneo San Viator"]
[Site "Madrid ESP"]
[Date "2015.03.29"]
[Round "2.22"]
[White "De Vicente Guijarro, Juan"]
[Black "Caravantes Camacho, Fernando"]
[Result "1/2-1/2"]
[WhiteElo "1757"]
[BlackElo "1502"]
[PlyCount "101"]
[EventDate "2015.03.22"]
[EventType "swiss"]
[EventRounds "9"]
[EventCountry "ESP"]
[Source "lmi"]
[SourceDate "2015.03.22"]

1. e4 e6 2. d3 d5 3. Nd2 dxe4 4. dxe4 Nc6 5. Ngf3 Bc5 6. g3 Nf6 7. Bg2 e5 8.
O-O O-O 9. Qe2 Bg4 10. h3 Nd4 11. Qc4 Bxf3 12. Nxf3 Qe7 13. Nxd4 exd4 14. Bg5
Bb6 15. Rfe1 h6 16. Bd2 Rad8 17. e5 Nh7 18. Bxb7 Ng5 19. Bg2 Ne6 20. a4 a5 21.
b4 axb4 22. Bxb4 c5 23. Bd2 Qd7 24. Qb5 Qxb5 25. axb5 d3 26. cxd3 Rxd3 27. Be3
Nd4 28. Ra6 Rb8 29. Bxd4 cxd4 30. e6 fxe6 31. Rxe6 Bc5 32. Re1 Rb3 33. Bf1 d3
34. Rd1 Rd8 35. Ra2 Rxb5 36. Bxd3 Rbb8 37. Bc4+ Kf8 38. Rxd8+ Rxd8 39. Kg2 Bb4
40. Ra7 Bc3 41. Rf7+ Ke8 42. Rb7 Rd2 43. Rb3 Bd4 44. Rf3 Ke7 45. h4 Rc2 46. Bd3
Rc3 47. Bg6 Rxf3 48. Kxf3 Kf6 49. Bc2 g5 50. h5 Ke5 51. Ke2 1/2-1/2

[Event "24. Torneo San Viator"]
[Site "Madrid ESP"]
[Date "2015.03.29"]
[Round "2.23"]
[White "Martinez Barahona, Ismael"]
[Black "Lopez Mijail, Nicolas"]
[Result "1/2-1/2"]
[WhiteElo "1818"]
[BlackElo "1483"]
[PlyCount "134"]
[EventDate "2015.03.22"]
[EventType "swiss"]
[EventRounds "9"]
[EventCountry "ESP"]
[Source "lmi"]
[SourceDate "2015.03.22"]

1. d4 Nf6 2. Bf4 e6 3. e3 b6 4. Bd3 Bb7 5. Nf3 c5 6. Nbd2 cxd4 7. exd4 d6 8.
O-O Be7 9. Qe2 O-O 10. Rfe1 Nd5 11. Qe4 g6 12. Bh6 Nd7 13. Bxf8 Bxf8 14. Qh4
Be7 15. Qh6 Bf8 16. Qh4 Be7 17. Qg3 N7f6 18. h3 Rc8 19. c3 Nh5 20. Qh2 Nhf4 21.
Be4 Ba6 22. g3 Nd3 23. Bxd3 Bxd3 24. Rac1 h5 25. a3 g5 26. c4 Nc7 27. Re3 Bg6
28. g4 h4 29. Rce1 d5 30. Ne5 Bd6 31. Qg2 Bh7 32. Qf1 dxc4 33. Ndxc4 Nd5 34.
Rf3 Nf4 35. Rxf4 gxf4 36. Nxd6 Qxd6 37. Rd1 Rc2 38. Qb5 Qc7 39. Nd3 Bxd3 40.
Qxd3 Rxb2 41. d5 Qc5 42. Qd4 Qxd4 43. Rxd4 exd5 44. Rxd5 Rb3 45. a4 Rxh3 46.
Rd7 a5 47. Rd4 Rb3 48. Rxf4 Rb4 49. Rf6 Rxg4+ 50. Kh2 Rxa4 51. Rxb6 Ra2 52. Ra6
a4 53. Kh3 Ra1 54. Kxh4 a3 55. Kg3 a2 56. Kf3 Kg7 57. Kf4 Kf8 58. Kf5 Ke7 59.
f4 Kd7 60. Kf6 Kc7 61. Kxf7 Kb7 62. Ra3 Kb6 63. f5 Kb5 64. f6 Kb4 65. Ra8 Kb3
66. Rb8+ Ka3 67. Ra8+ Kb2 1/2-1/2

[Event "24. Torneo San Viator"]
[Site "Madrid ESP"]
[Date "2015.03.29"]
[Round "2.24"]
[White "Valdes Sanchez, Jesus Manuel"]
[Black "Del Noval Perez, Jeronimo"]
[Result "1-0"]
[WhiteElo "1588"]
[BlackElo "1435"]
[PlyCount "75"]
[EventDate "2015.03.22"]
[EventType "swiss"]
[EventRounds "9"]
[EventCountry "ESP"]
[Source "lmi"]
[SourceDate "2015.03.22"]

1. e4 c5 2. Nf3 d6 3. d4 cxd4 4. Nxd4 Nc6 5. Bb5 Bd7 6. Nc3 Nf6 7. Bg5 e6 8.
Nxc6 bxc6 9. Be2 e5 10. Qd2 Be6 11. Rd1 h6 12. Bh4 Rb8 13. b3 g5 14. Bg3 Qc7
15. O-O d5 16. exd5 Nxd5 17. Nxd5 cxd5 18. a4 Bb4 19. Qe3 f6 20. Bb5+ Ke7 21.
Qe2 h5 22. h4 Bg4 23. f3 Bc5+ 24. Kh1 Be6 25. hxg5 Rbg8 26. gxf6+ Kf7 27. Bxe5
Qc8 28. Ba6 Qf8 29. Bb7 h4 30. Bxd5 Bxd5 31. Rxd5 Rg3 32. Qc4 Ke8 33. Qb5+ Kf7
34. Rd7+ Ke6 35. Qc6+ Kf5 36. Qe4+ Ke6 37. Qd5+ Kf5 38. Bxg3+ 1-0

[Event "24. Torneo San Viator"]
[Site "Madrid ESP"]
[Date "2015.03.29"]
[Round "2.26"]
[White "Moreno Sanchez, Guillermo"]
[Black "Insua Rodriguez, Antonio"]
[Result "1-0"]
[WhiteElo "1626"]
[BlackElo "1415"]
[PlyCount "87"]
[EventDate "2015.03.22"]
[EventType "swiss"]
[EventRounds "9"]
[EventCountry "ESP"]
[Source "lmi"]
[SourceDate "2015.03.22"]

1. d4 d5 2. Nf3 Nf6 3. Bg5 e6 4. e3 c5 5. c4 Qa5+ 6. Qd2 Nc6 7. Bxf6 Qxd2+ 8.
Nbxd2 gxf6 9. cxd5 exd5 10. a3 cxd4 11. Nxd4 Nxd4 12. exd4 a6 13. g3 Bg7 14.
Bg2 Be6 15. O-O Rc8 16. Rac1 O-O 17. Nb3 b6 18. f4 f5 19. Rfd1 Rc4 20. Bf1 Rxc1
21. Rxc1 a5 22. Bb5 Rc8 23. Rxc8+ Bxc8 24. Kf2 Kf8 25. Ke3 Ke7 26. Nc1 Bd7 27.
Bxd7 Kxd7 28. a4 h5 29. Nd3 f6 30. Ne1 Kc6 31. Nf3 b5 32. axb5+ Kxb5 33. Kd3
Kb4 34. Kc2 a4 35. Nh4 Kc4 36. Nxf5 Bf8 37. h3 Bb4 38. g4 hxg4 39. hxg4 Bf8 40.
g5 fxg5 41. fxg5 Bg7 42. Nxg7 Kxd4 43. g6 Ke5 44. Ne8 1-0

[Event "24. Torneo San Viator"]
[Site "Madrid ESP"]
[Date "2015.03.29"]
[Round "2.27"]
[White "Salgado Duarte, Pablo"]
[Black "Aranda Perez, Ivan"]
[Result "1/2-1/2"]
[WhiteElo "1591"]
[BlackElo "1413"]
[PlyCount "118"]
[EventDate "2015.03.22"]
[EventType "swiss"]
[EventRounds "9"]
[EventCountry "ESP"]
[Source "lmi"]
[SourceDate "2015.03.22"]

1. d4 d6 2. e4 g6 3. Nf3 Bg7 4. Nc3 Nf6 5. h3 O-O 6. Bc4 Nbd7 7. Be3 a6 8. a4
c5 9. O-O Qc7 10. dxc5 Nxc5 11. Bxc5 Qxc5 12. Bb3 Bd7 13. Re1 Rad8 14. Rb1 h6
15. Nh4 Qg5 16. Nf3 Qc5 17. Qd3 Qc8 18. Nh4 Be6 19. Nd5 Bxd5 20. exd5 Rfe8 21.
c4 Nd7 22. Qc2 Nc5 23. Re2 Bf6 24. Nf3 e6 25. dxe6 Rxe6 26. Rxe6 Nxe6 27. Ba2
Qc5 28. b4 Qc7 29. Rd1 Kg7 30. Bb1 Rc8 31. Ba2 b5 32. Nd2 Nd4 33. Qe4 bxa4 34.
Nf3 Nxf3+ 35. Qxf3 Re8 36. Qd5 Re2 37. c5 dxc5 38. bxc5 Re5 39. Qd6 Qxc5 40.
Qd3 a5 41. Qd7 Re7 42. Qxa4 Re2 43. Rf1 Qb4 44. Qd7 Re7 45. Qd3 Qb2 46. Qc4 Qc3
47. Qd5 Qb4 48. Rb1 Qe4 49. Qxa5 Re5 50. Qd2 Qe2 51. Qxe2 Rxe2 52. Bc4 Rc2 53.
Bd5 Bd4 54. Rf1 Rc5 55. Bf3 f5 56. Be2 Rc2 57. Re1 Kf6 58. Kf1 Bc3 59. Rd1 Rd2
1/2-1/2

[Event "24. Torneo San Viator"]
[Site "Madrid ESP"]
[Date "2015.03.29"]
[Round "2.28"]
[White "Gonzalez Hilla, Antonio"]
[Black "Rojo Jorge, Angel"]
[Result "1-0"]
[WhiteElo "1541"]
[BlackElo "1400"]
[PlyCount "49"]
[EventDate "2015.03.22"]
[EventType "swiss"]
[EventRounds "9"]
[EventCountry "ESP"]
[Source "lmi"]
[SourceDate "2015.03.22"]

1. e4 c5 2. Nf3 g6 3. c3 Nc6 4. d4 cxd4 5. cxd4 Bg7 6. Nc3 e6 7. Be3 a5 8. a3
d5 9. e5 f6 10. Bf4 Qb6 11. Nb5 fxe5 12. dxe5 Nge7 13. Nd6+ Kd7 14. Bb5 Rf8 15.
Bg3 Nf5 16. Qa4 Qc5 17. O-O Nxd6 18. exd6 Bxb2 19. Ne5+ Bxe5 20. Bxe5 Kd8 21.
Rac1 Qb6 22. Bxc6 bxc6 23. Rxc6 Bd7 24. Qh4+ Ke8 25. Qe7# 1-0

[Event "24. Torneo San Viator"]
[Site "Madrid ESP"]
[Date "2015.03.29"]
[Round "2.29"]
[White "Jimenez Perez, Federico"]
[Black "Andres Rodriguez, Florencio"]
[Result "0-1"]
[WhiteElo "1345"]
[BlackElo "1542"]
[PlyCount "68"]
[EventDate "2015.03.22"]
[EventType "swiss"]
[EventRounds "9"]
[EventCountry "ESP"]
[Source "lmi"]
[SourceDate "2015.03.22"]

1. e4 c5 2. Nf3 d6 3. Bb5+ Bd7 4. Bxd7+ Nxd7 5. O-O g6 6. c3 Bg7 7. d4 cxd4 8.
Qb3 Nc5 9. Qc4 Nf6 10. cxd4 Ncxe4 11. Ng5 O-O 12. Re1 d5 13. Qb3 Qc7 14. Nc3
Nxc3 15. bxc3 e6 16. Nh3 Ne4 17. Re3 Rac8 18. g3 Nxc3 19. Bb2 Ne4 20. Rc1 Qd7
21. Qd1 Rxc1 22. Bxc1 Rc8 23. Bb2 e5 24. Kg2 Nd6 25. dxe5 Nc4 26. Qd4 Nxe3+ 27.
fxe3 Qe6 28. Ng5 Rc2+ 29. Kg1 Qf5 30. e4 Qxg5 31. Ba3 Qd2 32. Qxd2 Rxd2 33.
exd5 Rxd5 34. Bd6 Bxe5 0-1

[Event "24. Torneo San Viator"]
[Site "Madrid ESP"]
[Date "2015.03.29"]
[Round "2.30"]
[White "Ortega Palacios, Alejandro"]
[Black "Del Noval Nemeshazi, Mario"]
[Result "1-0"]
[WhiteElo "1524"]
[BlackElo "1275"]
[PlyCount "70"]
[EventDate "2015.03.22"]
[EventType "swiss"]
[EventRounds "9"]
[EventCountry "ESP"]
[Source "lmi"]
[SourceDate "2015.03.22"]

1. e4 e6 2. d4 d5 3. exd5 exd5 4. Bd3 Bd6 5. Ne2 Be6 6. Bf4 c5 7. Bxd6 Qxd6 8.
dxc5 Qxc5 9. O-O Nf6 10. Nd2 Qc7 11. Nf3 O-O 12. Ned4 Rd8 13. c3 Nc6 14. Qc2
Nxd4 15. Nxd4 Ng4 16. Bxh7+ Kh8 17. g3 g6 18. Bxg6 fxg6 19. Nxe6 Qh7 20. h4 Re8
21. Rfe1 Qf7 22. Nf4 Rxe1+ 23. Rxe1 Re8 24. Rxe8+ Qxe8 25. Nxg6+ Kg7 26. Nf4 a5
27. Nxd5 Qe5 28. Nf4 a4 29. Qg6+ Kf8 30. Qxg4 Qe1+ 31. Kg2 Qe4+ 32. Qf3 Qc2 33.
Nd5+ Ke8 34. Nf6+ Kf7 35. Nh5+ Ke6 1-0

[Event "24. Torneo San Viator"]
[Site "Madrid ESP"]
[Date "2015.03.29"]
[Round "2.31"]
[White "Diaz Del Prado, Carlos"]
[Black "Garcia Rojas, Juan Carlos"]
[Result "0-1"]
[WhiteElo "1274"]
[BlackElo "1528"]
[PlyCount "44"]
[EventDate "2015.03.22"]
[EventType "swiss"]
[EventRounds "9"]
[EventCountry "ESP"]
[Source "lmi"]
[SourceDate "2015.03.22"]

1. e4 c5 2. Nc3 e6 3. g3 Nc6 4. Bg2 d6 5. f4 Be7 6. Nf3 Nf6 7. d3 O-O 8. h3 a6
9. O-O b5 10. g4 g6 11. Be3 Nd7 12. g5 Bb7 13. Ne2 Qc8 14. Ng3 Re8 15. h4 Nb6
16. Bh3 Qc7 17. Kg2 Rad8 18. h5 Bc8 19. Nh4 d5 20. Qf3 Nb4 21. Rf2 dxe4 22.
Qxe4 Bb7 0-1

[Event "24. Torneo San Viator"]
[Site "Madrid ESP"]
[Date "2015.03.29"]
[Round "2.38"]
[White "Martin Rodriguez, Jose Luis"]
[Black "Blasco Gallardo, Francisco"]
[Result "0-1"]
[WhiteElo "1467"]
[BlackElo "1618"]
[PlyCount "56"]
[EventDate "2015.03.22"]
[EventType "swiss"]
[EventRounds "9"]
[EventCountry "ESP"]
[Source "lmi"]
[SourceDate "2015.03.22"]

1. e4 g6 2. d4 Bg7 3. Nf3 Nf6 4. Nc3 d6 5. Bc4 O-O 6. Bg5 Bg4 7. h3 Bxf3 8.
Qxf3 Nbd7 9. O-O-O c6 10. e5 Ne8 11. e6 fxe6 12. Bxe6+ Kh8 13. Qe3 Ndf6 14. Bh6
d5 15. Rd3 Qd6 16. Bf4 Qd8 17. h4 Nd6 18. g4 Nfe4 19. g5 Nf5 20. Qe2 Nxd4 21.
Qe3 Nxc3 22. Rxc3 Rxf4 23. Kb1 Qf8 24. h5 Re4 25. hxg6 Nxe6 26. Rxh7+ Kg8 27.
Qd2 Qf4 28. Re3 Rxe3 0-1

[Event "24. Torneo San Viator"]
[Site "Madrid ESP"]
[Date "2015.03.29"]
[Round "2.39"]
[White "Rojo Jorge, Luis"]
[Black "Dominguez Afonso, Ayraldo"]
[Result "1/2-1/2"]
[WhiteElo "1433"]
[BlackElo "1604"]
[PlyCount "118"]
[EventDate "2015.03.22"]
[EventType "swiss"]
[EventRounds "9"]
[EventCountry "ESP"]
[Source "lmi"]
[SourceDate "2015.03.22"]

1. d4 d5 2. Nc3 Nf6 3. Bg5 Nbd7 4. Qd3 e6 5. e4 dxe4 6. Nxe4 Be7 7. O-O-O b6 8.
Nf3 Bb7 9. Nfd2 Nxe4 10. Nxe4 Bxe4 11. Bxe7 Qxe7 12. Qxe4 O-O 13. d5 Nf6 14.
Qe5 Rad8 15. dxe6 Rxd1+ 16. Kxd1 fxe6 17. Bc4 Re8 18. Re1 Kf7 19. f4 g6 20. h3
h5 21. f5 gxf5 22. Qxf5 Qd6+ 23. Kc1 Kg7 24. Rxe6 Rxe6 25. Qxe6 Qf4+ 26. Kd1
Qd4+ 27. Ke1 Qg1+ 28. Bf1 Qc5 29. Qc4 Qe3+ 30. Qe2 Qc1+ 31. Kf2 Qf4+ 32. Kg1
Qd4+ 33. Kh1 Ne4 34. Qf3 Qe5 35. c3 Ng3+ 36. Kg1 Qg5 37. Kh2 h4 38. Bc4 Nf5 39.
Qg4 Qxg4 40. hxg4 Ne3 41. Be2 Kg6 42. Kh3 Kg5 43. g3 hxg3 44. Kxg3 Nd5 45. Kf3
c6 46. Ke4 Kf6 47. g5+ Kxg5 48. Ke5 Nf4 49. Bf1 c5 50. Kd6 Kf5 51. Kc7 Ke5 52.
Kb7 Kd6 53. Kxa7 Kc6 54. b4 Ne6 55. a4 cxb4 56. cxb4 Nd4 57. a5 bxa5 58. bxa5
Kc7 59. Ka6 Nc6 1/2-1/2

[Event "24. Torneo San Viator"]
[Site "Madrid ESP"]
[Date "2015.03.29"]
[Round "2.40"]
[White "Hidalgo Prado, David"]
[Black "Perez Gonzalez, Manuel"]
[Result "1-0"]
[WhiteElo "1499"]
[BlackElo "1582"]
[PlyCount "97"]
[EventDate "2015.03.22"]
[EventType "swiss"]
[EventRounds "9"]
[EventCountry "ESP"]
[Source "lmi"]
[SourceDate "2015.03.22"]

1. e4 d6 2. d4 Nf6 3. Nc3 g6 4. f4 Bg7 5. Nf3 O-O 6. Be3 c6 7. h3 b5 8. a3 Bb7
9. g4 Nbd7 10. Nd2 e5 11. dxe5 dxe5 12. f5 a6 13. g5 Nh5 14. f6 Bh8 15. Qg4 Qc7
16. O-O-O Rfe8 17. Nb3 Bc8 18. Qg1 a5 19. Nc5 Nxc5 20. Bxc5 Be6 21. a4 b4 22.
Nb1 Red8 23. Rxd8+ Qxd8 24. b3 Qd7 25. Nd2 Rd8 26. Qe3 Ng3 27. Qxg3 Qxd2+ 28.
Kb2 Qf4 29. Qxf4 exf4 30. Bd3 h6 31. h4 f3 32. Rf1 Bg4 33. Kc1 hxg5 34. hxg5
Bh5 35. Kd2 Re8 36. Be7 Rc8 37. Ke3 c5 38. Bc4 Rc7 39. Rd1 Rc8 40. Rd8+ Rxd8
41. Bxd8 Kf8 42. Bb5 Bg4 43. Be7+ Kg8 44. Bxc5 Bxf6 45. gxf6 g5 46. Bd6 Bh5 47.
Bd3 Kh7 48. e5+ Kh6 49. Bf8# 1-0